| 000 | 00889nam a2200277Ia 4500 | ||
|---|---|---|---|
| 003 | OSt | ||
| 005 | 20220927114809.0 | ||
| 006 | a|||||r|||| 00| 0 | ||
| 007 | ta | ||
| 008 | 220926b |||||||| |||| 00| 0 eng d | ||
| 024 | _a52837 | ||
| 037 | _cThesis and Dissertations | ||
| 040 |
_aRTL _cRTL _beng |
||
| 041 |
_2eng _aeng |
||
| 082 | _a"X:8N9, M3/TH" | ||
| 100 |
_aMannan Abdul _9389365 |
||
| 110 |
_aUniversity of Delhi. Management Studies (Faculty of-)Thesis) _9389366 |
||
| 245 | 0 | _aWorkers participation in management | |
| 260 |
_aDelhi _bF M S India _c1983 |
||
| 300 |
_a"xv, 344p." _ccm. |
||
| 500 | _aBib p318-41; Appendix p289-317 | ||
| 650 |
_aPublic Relations _9353482 |
||
| 700 |
_aUniversity of Delhi. Management Studies (Faculty of-)Thesis) _9389367 |
||
| 942 |
_h"X:8N9, M3/TH" _cCC |
||
| 999 |
_c705124 _d705124 |
||